| 000 | 00796nam a2200181Ia 4500 | ||
|---|---|---|---|
| 008 | 170725s9999 xx 000 0 und d | ||
| 100 | _aDarja Šmite | ||
| 245 | _aSoftware teams and their knowledge networks in large-scale software development | ||
| 245 | _cDarja Šmite, Nils Brede Moe, Aivars Šāblis, Claes Wohlin | ||
| 260 | _c2017 | ||
| 300 | _apages 71-86, June | ||
| 440 |
_aInformation and software technology _v86: |
||
| 500 | _aCJ0031 | ||
| 650 | _aIntellectual capital; Teams; Agile; Cross-functional; Feature teams; Empirical; Case study | ||
| 650 | _aKnowledge networks | ||
| 650 | _aLarge-scale software development; Knowledge networks; Social capital; Intellectual capital; Teams; Agile; Cross-functional; Feature teams; Empirical; Case study | ||
| 650 | _aSocial capital | ||
| 999 |
_c340873 _d340873 |
||